000 00223nam a2200097Ia 4500
005 20251222114351.0
008 251222s1900||||xx |||||||||||||| ||spa||
082 _aDVD0070/B53/2012
245 0 _aEn un mundo mejor:
942 _cDVD
999 _c1254
_d1254